| 000 | 00477nam a2200181 4500 | ||
|---|---|---|---|
| 001 | 10510 | ||
| 005 | 20230410124134.0 | ||
| 008 | 060907n1999 dr spa | ||
| 020 | _a9685081026 | ||
| 035 | _9funglode10594 | ||
| 041 | _aES | ||
| 050 | 1 | 4 | _aNA 7596 M385f 1999 |
| 100 | _aMartínez Alvarez, José Antonio | ||
| 245 | 1 |
_aFiguras Piedadenses / _cJosé Antonio Martínez |
|
| 260 |
_aMichoacán : _bProff, _c1999 |
||
| 300 | _av, 451 p. | ||
| 942 |
_2lcc _cbk |
||
| 999 |
_c71782 _d71782 |
||